000 00552nam a2200169 i 4500
001 bg
100 1 _aCzapp, Marian.
245 0 _aMateriały do projektowania urządzeń chłodniczych.
_nCz. 2,
_pWybrane problemy obliczeniowe obiegów termodynamicznych parowych jednostopniowych urządzeń chłodniczych sprężarkowych /
_cM. Czapp, H. Charun.
260 _aKoszalin,
_c1981.
700 1 _aCharun, Henryk.
040 _cBPK
041 _apol
080 _a621.56/.59
080 _a(075.8)
942 _cKS
008 s pl f |000 0 pol
999 _c977
_d977
856 _uhttp://koha.tu.koszalin.pl/cgi-bin/koha/opac-detail.pl?biblionumber=977
_yKatalog online BPK